Top 100 Names in the World - Statistics

General Stats
  • This quiz has been taken 93 times
  • The average score is 25 of 100
Answer Stats
Rank # Highest Prevalent Highest Density Name % Correct
13 13,913,286 United States Isle of Man John
87%
31 8,587,685 United States Tuvalu James
76%
3 29,067,877 Brazil El Salvador José
75%
10 15,581,687 China China Li
71%
46 6,718,384 United States Falkland Islands Paul
67%
19 11,290,544 Mexico Equatorial Guinea Juan
65%
18 11,310,791 United States Ireland Michael
62%
16 11,868,753 United States South Sudan Mary
60%
1 66,032,598 Brazil Andorra Maria
58%
52 6,205,567 United States Northern Ireland William
56%
14 12,994,361 United States Wales David
55%
43 7,307,720 Germany Slovakia Peter
55%
51 6,214,078 United States Ireland Thomas
55%
49 6,442,986 United States Micronesia Elizabeth
53%
2 44,256,700 Bangladesh Bangladesh Mohammed
53%
21 9,928,149 United States Northern Ireland Robert
53%
36 8,345,078 United States Dominica Joseph
51%
17 11,439,010 Russia Slovakia Anna
49%
83 4,546,143 United States Niue Mark
45%
92 4,372,341 Egypt Eritrea Sara
45%
11 15,337,348 Iran Comoros Ali
42%
28 9,412,867 United States Vatican City Daniel
42%
80 4,573,277 Russia Ukraine Ivan
42%
73 4,792,156 United States Bahamas Charles
40%
69 5,026,004 Mexico Moldova Victor
38%
96 4,228,003 United States Ireland Patrick
36%
61 5,628,292 Brazil Portugal Pedro
36%
45 6,867,255 United States Palau Richard
36%
38 7,960,654 China Myanmar Lin
35%
32 8,541,154 Democratic Republic of the Congo Wallis and Futuna Marie
35%
85 4,463,589 Nigeria Eritrea Samuel
33%
86 4,456,494 Russia Ukraine Vladimir
33%
20 10,839,803 Democratic Republic of the Congo Haiti Jean
31%
29 9,159,585 China Hong Kong Yu
31%
33 8,433,356 Nigeria Oman Fatima
27%
74 4,754,428 Mexico Palau Miguel
27%
5 19,938,439 Pakistan Pakistan Muhammad
27%
27 9,498,945 Brazil Guinea-Bissau Carlos
25%
90 4,410,172 Mexico Czech Republic Martin
25%
9 16,509,341 Pakistan Pakistan Mohammad
25%
53 6,156,978 Mexico Puerto Rico Jorge
24%
4 23,988,435 Egypt Maldives Mohamed
24%
66 5,234,512 United States Guernsey Sarah
24%
81 4,564,640 Italy San Marino Andrea
22%
26 9,536,345 Columbia Columbia Luis
22%
79 4,595,877 Italy Guinea-Bissau Mario
22%
15 11,917,217 Brazil Portugal Ana
20%
30 9,002,276 China Myanmar Min
20%
54 6,054,138 Mexico El Salvador Rosa
20%
8 17,314,042 Egypt Maldives Ahmed
18%
64 5,563,537 Indonesia Saudi Arabia Ahmed
18%
37 8,297,026 Brazil Italy Antonio
18%
44 6,876,122 Nigeria Maldives Ibrahim
18%
39 7,942,729 Ping Macau Ping
18%
67 5,190,110 United States Palau Sandra
18%
100 4,120,653 United States Liechtenstein Barbara
16%
93 4,358,812 United States Wallis and Futuna Christine
16%
41 7,801,002 Brazil Spain Francisco
16%
98 4,168,031 United States Palau Laura
16%
59 5,694,806 United States Saint Barthelemy Patricia
16%
35 8,350,265 China China Xin
16%
7 17,437,034 China China Yan
16%
22 9,713,543 Pakistan Maldives Abdul
15%
62 5,587,052 China China Ling
15%
65 5,266,769 Mexico Cape Verde Manuel
15%
89 4,410,855 Mexico South Sudan Martha
15%
88 4,411,117 United States Italy Angela
13%
25 9,603,965 China Macau Lei
13%
95 4,261,401 United States Micronesia Linda
13%
57 5,755,885 China China Ming
13%
71 4,882,934 India Liechtenstein Rita
11%
34 8,433,356 Russia Russia Elena
9%
42 7,532,093 Russia Ukraine Olga
9%
40 7,908,754 China China Bin
7%
78 4,599,324 Nigeria Rwanda Emmanuel
7%
24 9,626,393 China Hong Kong Hong
7%
76 4,710,124 Russia Russia Marina
7%
70 4,980,404 China China Qing
7%
56 5,759,757 India India Ram
7%
6 19,922,873 China China Wei
7%
12 14,382,926 China Hong Kong Ying
7%
60 5,641,744 India Hungary Anita
5%
97 4,169,449 Venezuela Puerto Rico Carmen
5%
63 5,571,857 Iran Maldives Hassan
5%
82 4,556,309 China Singapore Peng
5%
55 5,818,893 Russia Ukraine Aleksandr
4%
77 4,653,160 Russia Belarus Audrey
4%
23 9,647,762 China Macau Hui
4%
68 5,049,336 Russia Transnistria Irina
4%
87 4,455,738 Russia Russia Natalya
4%
50 6,376,040 Russia Ukraine Sergey
4%
48 6,464,605 India Indonesia Sri
4%
91 4,374,383 Russia Ukraine Svetlana
4%
58 5,733,297 Russia Ukraine Tatyana
4%
47 6,691,269 China Singapore Yong
4%
94 4,268,998 China China Qiang
2%
75 4,739,925 Indonesia Brunei Siti
2%
84 4,538,244 China China Yun
2%
72 4,881,250 China China Xiaojie
0%
99 4,166,938 China China Yue
0%
No matching quizzes found
Score Distribution
Percent of People with Each Score
Percentile by Number Answered
Your Score History
You have not taken this quiz